共通してつく旧国名は何? その2 - Statistics

General Stats
  • This quiz has been taken 23 times
  • The average score is 10 of 20
Answer Stats
Hint Answer % Correct
勝浦、長島 紀伊
100%
大山、溝口 伯耆
100%
船小屋 筑後
100%
青柳、太田、白鳥 美濃
90%
横須賀 尾張
83%
鶴田、森田、柳田 陸奥
78%
牛島 羽後
75%
千歳 羽前
75%
舞子、中庄 近江
75%
神代 備中
75%
善光寺、川崎 豊前
75%
庄内、深江、大分 筑前
75%
小湊 安房
73%
金子 相模
73%
大和、高萩、嵐山 武蔵
71%
幸崎 安芸
71%
中山、松崎、豊里 下総
70%
国府、宮田、小坂 飛騨
70%
滝尾、落合、追分 美作
67%
古市 長門
67%
早川、広田、石山 越後
64%
三谷、鳥羽 三河
57%
大沢、花岡 下野
56%
和田、高浜、有田 若狭
56%
田浦 肥後
56%
新富、沓掛 日向
56%
折居 陸中
50%
八代、神西 出雲
50%
落合、矢野 備後
50%
相生、津田 讃岐
50%
桜井、吉田 伊予
50%
北川、岩原、佐賀 土佐
50%
中川、中村、国分 豊後、越中
50%
上野、岩間、常葉 甲斐
45%
久保、大久保 上総
43%
朝倉、上市、二見 大和
42%
守山、石井 磐城
40%
久保、白石、飯田 肥前
40%
今和泉、板敷 薩摩
40%
竹原、野中 越前
38%
多賀、熱川 伊豆
38%
青谷、多賀 山城
38%
田井 備前
38%
木崎、白鳥、国分寺 信濃
36%
浜田、山王、山下 陸前
33%
由良、神崎 丹後
33%
大山、竹田 丹波
33%
神明 志摩
29%
津田、多賀、青柳 常陸
27%
七日市 上州(上野)
25%
高森 周防
22%
下里 播磨
20%
半田、山川 阿波
20%
川島、松本、柏崎 伊勢
18%
船岡 因幡
9%
No matching quizzes found
Score Distribution
Percent of People with Each Score
Percentile by Number Answered
Your Score History
You have not taken this quiz